Normal view
MARC view
- Sustainable Development Conference (Sustainable Development Policy Institute)
Entry Meeting Name
001 - CONTROL NUMBER
- control field: 7155
003 - CONTROL NUMBER IDENTIFIER
- control field: NUST
005 - DATE AND TIME OF LATEST TRANSACTION
- control field: 20171211165303.0
008 - FIXED-LENGTH DATA ELEMENTS
- fixed length control field: 171211|| aca||aabn | a|a d
040 ## - CATALOGING SOURCE
- Original cataloging agency: NUST
- Transcribing agency: NUST
111 ## - HEADING--MEETING NAME
- Meeting name or jurisdiction name as entry element: Sustainable Development Conference (Sustainable Development Policy Institute)
- Number of part/section/meeting: (17th :
- Date of meeting: 2014 :
- Location of meeting: Islāmābad, Pakistan)
670 ## - SOURCE DATA FOUND
- Source citation: Work cat.: (NUST)0: Sustainable Development Conference (Sustainable Development Policy Institute) (17th : 2014 : Islāmābad, Pakistan), Pathways to sustainable development /
